| 000 | 00874nam a2200289 a 4500 | ||
|---|---|---|---|
| 001 | 25664 | ||
| 003 | CO-ViMGA | ||
| 008 | 141112s2004 ck r 000 u spa d | ||
| 020 | _a9789584237217 | ||
| 040 |
_aCO-ViMGA _bspa _cCO-ViMGA |
||
| 041 | _aSPA | ||
| 090 | _aN KAW1 | ||
| 100 | 1 |
_aKawabata, Yasunari, 1899 - 1972 _939448 |
|
| 245 | 1 | 0 |
_aEl rumor de la montaña / _cYasunari Kawabata ; traducción Amalia Sato |
| 250 | _a1a ed. | ||
| 260 |
_aBarcelona : _bAustral, _c2013 |
||
| 300 | _a315 p. | ||
| 490 | _aContemporánea Narrativa | ||
| 500 | _aTítulo original : Yama no Oto. | ||
| 650 | 1 | 4 |
_aAUTORES JAPONESES _939449 |
| 650 | 1 | 4 |
_aFAMILIA - NOVELA _92125 |
| 650 | 1 | 4 |
_aINFIDELIDAD - NOVELA _923145 |
| 650 | 1 | 4 |
_aLITERATURA JAPONESA - SIGLO XX _939450 |
| 650 | 1 | 4 |
_aNOVELA JAPONESA - SIGLO XX _923634 |
| 700 | 1 |
_aSato, Amalia _939451 |
|
| 942 |
_2ddc _cBK |
||
| 999 |
_c5232 _d5232 |
||